Thinking with Ghalib: poetry for a new generation (Record no. 67211)

MARC details
000 -LEADER
fixed length control field 00417nam a22001697a 4500
005 - DATE AND TIME OF LATEST TRANSACTION
control field 20260413154414.0
008 - FIXED-LENGTH DATA ELEMENTS--GENERAL INFORMATION
fixed length control field 260413b |||||||| |||| 00| 0 eng d
020 ## - INTERNATIONAL STANDARD BOOK NUMBER
International Standard Book Number 9789697834297
040 ## - CATALOGING SOURCE
Transcribing agency PK-LaNCA
082 ## - DEWEY DECIMAL CLASSIFICATION NUMBER
Classification number 809.1
Item number ANJ
100 ## - MAIN ENTRY--PERSONAL NAME
Author Name Anjum Altaf
245 ## - TITLE STATEMENT
Title Thinking with Ghalib: poetry for a new generation
260 ## - PUBLICATION, DISTRIBUTION, ETC.
Place of publication, distribution, etc. Folio Books
Name of publisher, distributor, etc. Lahore
Date of publication, distribution, etc. 2024
300 ## - PHYSICAL DESCRIPTION
Pages 108p
650 ## - SUBJECT ADDED ENTRY--TOPICAL TERM
Subject Poets
942 ## - ADDED ENTRY ELEMENTS (KOHA)
Koha item type Book
999 ## -
-- 67211
-- 67211
Holdings
Withdrawn status Weedout from Library Permanent Location Current Location Shelving location Date acquired Full call number Barcode Price effective from Koha item type
    NATIONAL COLLEGE OF ARTS, LAHORE - LIBRARY NATIONAL COLLEGE OF ARTS, LAHORE - LIBRARY General Section Library Basement 13/04/2026 809.1 ANJ 38172 38172 13/04/2026 Book